00367nam a2200109Ia 4500008004100000100002000041245002700061260006900088300001100157650002100168856006800189160712s9999 xx 000 0 und d aTabinas, Jason. cJason TabinasaAgunyas c2014bLikhaan: The Journal of Contemporary Philippine Literature avol. 8 xMAIKLING KUWENTO uhttp://journals.upd.edu.ph/index.php/lik/issue/view/538/showToc